[Event "17th Unive Open 2013"]
[Site "Hoogeveen NED"]
[Date "2013.10.19"]
[Round "2.24"]
[White "Berkovich, Mark A"]
[Black "Slingerland, Caroline"]
[Result "1-0"]
[WhiteTitle "IM"]
[BlackTitle "WFM"]
[WhiteElo "2372"]
[BlackElo "2084"]
[WhiteFideId "2801639"]
[BlackFideId "1002732"]
[EventDate "2013.10.18"]

1. d4 c5 2. d5 e6 3. Nc3 Nf6 4. Nf3 exd5 5. Nxd5 Nxd5 6. Qxd5 Be7 7. Bf4 Nc6 8.
a3 d6 9. e4 Be6 10. Qd2 Qb6 11. c4 Bf6 12. Rb1 Nd4 13. Nxd4 Bxd4 14. Bd3 O-O 15.
O-O Qc6 16. Be3 Bxe3 17. Qxe3 Rae8 18. Qg3 a6 19. Rbd1 b5 20. cxb5 axb5 21. Rd2
Rd8 22. Bb1 Rd7 23. Rfd1 Rfd8 24. f4 f6 25. Qh4 c4 26. e5 f5 27. exd6 Rxd6 28.
Qxd8+ Rxd8 29. Rxd8+ Kf7 30. h3 Qc5+ 31. R8d4 h6 32. Kh2 h5 33. h4 Qe7 34. g3
Qb7 35. R1d2 Qf3 36. Bc2 Qe3 37. Bd1 g6 38. Kg2 c3 39. bxc3 Qxc3 40. R4d3 Qc5
41. Bf3 Qc1 42. Kh2 Qc5 43. Bg2 Qc1 44. Bf3 Qc5 45. Bd5 Bxd5 46. Rxd5 Qxa3 47.
Rxb5 Qc1 48. Rb7+ Ke6 49. Rb6+ Ke7 50. Ra2 Kd7 51. Rxg6 Qe3 52. Ra7+ 1-0

[Event "17th Unive Open 2013"]
[Site "Hoogeveen NED"]
[Date "2013.10.19"]
[Round "2.26"]
[White "Hovenga, Alje"]
[Black "Buckels, Valentin"]
[Result "0-1"]
[WhiteElo "2177"]
[BlackElo "2058"]
[WhiteFideId "1005812"]
[BlackFideId "12942766"]
[EventDate "2013.10.18"]

1. d4 Nf6 2. Nf3 e6 3. c4 d5 4. Nc3 c6 5. Bg5 Nbd7 6. e3 Be7 7. Bd3 O-O 8. O-O
dxc4 9. Bxc4 Nd5 10. Bxe7 Qxe7 11. Rc1 Nxc3 12. Rxc3 e5 13. Qc2 exd4 14. exd4
Nb6 15. Re3 Qf6 16. Bb3 Bf5 17. Qc5 Rad8 18. Rfe1 Nc8 19. Re5 Bg6 20. h4 h6 21.
h5 Bh7 22. d5 cxd5 23. Bxd5 b6 24. Qc7 Qd6 25. Qc4 Qf6 26. Qa4 Bf5 27. Bb3 Bd7
28. Qb4 Nd6 29. Qc3 Nb5 30. Qb4 Nd6 31. Qa3 a5 32. Bd5 Rfe8 33. Qc3 Rc8 34. Qd4
Nf5 35. Qf4 Nd6 36. Qd4 Nf5 37. Rxe8+ Rxe8 38. Rxe8+ Bxe8 39. Qd3 Ne7 40. Bb3
Qxb2 41. Qd8 Kf8 42. g3 Qc1+ 43. Kg2 Qc6 44. Qd3 a4 45. Bd1 Qd5 46. Qb1 Bc6 47.
Be2 b5 48. a3 Qxh5 49. Qd3 Qd5 50. Qh7 Ng6 51. Kh2 Qc5 52. Kg1 Qc1+ 53. Kh2 Qb2
54. Ng1 Qxa3 55. Bh5 Qc5 0-1

[Event "17th Unive Open 2013"]
[Site "Hoogeveen NED"]
[Date "2013.10.19"]
[Round "2.27"]
[White "Stavast, Dick"]
[Black "Lee, Kai Jie Edward"]
[Result "0-1"]
[WhiteElo "2088"]
[BlackElo "2164"]
[WhiteFideId "1014005"]
[BlackFideId "5802920"]
[EventDate "2013.10.18"]

1. d4 Nf6 2. c4 e6 3. Nf3 d5 4. Nc3 Bb4 5. e3 O-O 6. Bd2 dxc4 7. Bxc4 c5 8. dxc5
Bxc5 9. O-O Nbd7 10. Qe2 Qc7 11. Rac1 Qb8 12. e4 Ng4 13. h3 Nge5 14. Bb3 b6 15.
Rfd1 Ba6 16. Qxa6 Nxf3+ 17. Kf1 Qh2 18. Be3 Bxe3 0-1

[Event "17th Unive Open 2013"]
[Site "Hoogeveen NED"]
[Date "2013.10.19"]
[Round "2.28"]
[White "Martinello, Christian"]
[Black "Hoffman, Ron"]
[Result "1/2-1/2"]
[WhiteElo "2163"]
[BlackElo "2055"]
[WhiteFideId "821969"]
[BlackFideId "1007599"]
[EventDate "2013.10.18"]

1. d4 Nf6 2. c4 g6 3. g3 Bg7 4. Bg2 O-O 5. Nc3 d6 6. Nf3 c6 7. e4 Qa5 8. O-O
Nbd7 9. Rb1 e5 10. d5 cxd5 11. cxd5 Qc7 12. Ne1 a5 13. Nd3 b6 14. Nb5 Qb8 15. b4
Ba6 16. bxa5 bxa5 17. a4 Rc8 18. Ba3 Bxb5 19. Rxb5 Qc7 20. Qb1 Bf8 21. Rc1 Qd8
22. f3 Rxc1+ 23. Bxc1 h5 24. Bg5 Qc7 25. Qb3 Rc8 26. Bh3 Qa7+ 27. Nf2 Qd4 28.
Qd1 Rc4 29. Qxd4 exd4 30. Rxa5 Nh7 31. Bf4 Nc5 32. Ra8 Rxa4 33. Rxa4 Nxa4 34.
Nd3 Nc3 35. Kf2 g5 36. Bd2 g4 37. Bxc3 dxc3 38. Bg2 gxf3 39. Bxf3 Bh6 40. Ne1
Nf6 41. Ke2 Kg7 42. Kd3 Bd2 43. Nc2 Kg6 44. Na3 Nd7 45. Kc2 Ne5 46. Be2 f6 47.
Nb5 Nf7 48. Nd4 h4 49. Nf5 hxg3 50. hxg3 Be1 51. Bb5 Ng5 52. Be8+ Kh7 53. Nxd6
Bxg3 54. Nf5 Nxe4 55. Nxg3 Nxg3 56. d6 Ne2 57. d7 Nd4+ 58. Kxc3 Nc6 59. Kc4 1/2-1/2

[Event "17th Unive Open 2013"]
[Site "Hoogeveen NED"]
[Date "2013.10.19"]
[Round "2.29"]
[White "Smeets, Pierre"]
[Black "Vistisen, Lars"]
[Result "0-1"]
[WhiteElo "2076"]
[BlackElo "2163"]
[WhiteFideId "1043820"]
[BlackFideId "1404598"]
[EventDate "2013.10.18"]

1. d4 Nf6 2. Nf3 c5 3. d5 e6 4. Bg5 exd5 5. Nc3 d4 6. Nd5 Be7 7. Bxf6 Bxf6 8. g3
O-O 9. Bg2 Na6 10. Nd2 Nc7 11. a4 Rb8 12. Nc4 d6 13. Qd3 Nxd5 14. Bxd5 Be6 15.
Qf3 Qd7 16. O-O Rfd8 17. e4 dxe3 18. fxe3 Rbc8 19. c3 Rc7 20. a5 Kf8 21. Qe4
Bxd5 22. Qxd5 Qe6 23. Rad1 Ke7 24. Rd3 Qxd5 25. Rxd5 Ke6 26. e4 Rcd7 27. Ne3 g6
28. Kg2 Bg7 29. g4 h6 30. h4 b5 31. axb6 axb6 32. h5 Ra8 33. hxg6 fxg6 34. Nc4
Ra2 35. Rf2 b5 36. Na3 Bxc3 37. Nxb5 Be5 38. Nc3 Ra8 39. Rfd2 Rb7 40. Nd1 Rb4
41. Re2 Rf8 42. Rd3 Rf4 0-1

[Event "17th Unive Open 2013"]
[Site "Hoogeveen NED"]
[Date "2013.10.19"]
[Round "2.30"]
[White "Van Der Veen, Jan"]
[Black "Knol, Geon"]
[Result "1/2-1/2"]
[WhiteElo "2056"]
[BlackElo "2147"]
[WhiteFideId "1005570"]
[BlackFideId "1012142"]
[EventDate "2013.10.18"]

1. e4 b6 2. d4 Bb7 3. Bd3 e6 4. Nf3 c5 5. O-O cxd4 6. Nxd4 Nc6 7. Nxc6 Bxc6 8.
Nc3 Nf6 9. f4 Bc5+ 10. Kh1 h5 11. e5 Ng4 12. Qe1 Bf2 13. Rxf2 Qh4 14. Kg1 Qxh2+
15. Kf1 Bxg2+ 16. Ke2 Qh3 17. Bd2 Nxf2 18. Kxf2 Qf3+ 19. Kg1 Qg4 20. Qf2 Be4+
21. Kh2 Bf5 22. Bxf5 Qxf5 23. Qg2 O-O 24. Rg1 g6 25. Ne4 Kg7 26. Qf3 d5 27. exd6
Qd5 28. Bc3+ Kh6 29. Rd1 Qf5 30. Rg1 Qd5 31. Rg5 f5 32. Qg3 Rg8 33. Nf6 Qxd6 34.
Nxg8+ Rxg8 35. Be5 Qd1 36. Qg2 Kh7 37. b3 Qe1 38. Kh3 Qd1 39. Rg3 g5 40. Rxg5
Rxg5 41. fxg5 Kg6 42. Bf4 b5 43. Kh2 a5 44. Qf2 Qg4 45. c3 a4 46. bxa4 bxa4 47.
c4 Qd1 48. c5 Qd5 49. Qb2 h4 50. Qc2 Qd4 51. Bc1 Qe5+ 52. Kh1 Qe1+ 53. Kh2 Qg3+
54. Kh1 Qe1+ 55. Kh2 Qg3+ 56. Kh1 1/2-1/2

[Event "17th Unive Open 2013"]
[Site "Hoogeveen NED"]
[Date "2013.10.19"]
[Round "2.32"]
[White "Lopez, Jasel"]
[Black "Hummel, Paul"]
[Result "1-0"]
[WhiteTitle "CM"]
[WhiteElo "2130"]
[BlackElo "2023"]
[WhiteFideId "15900045"]
[BlackFideId "1021168"]
[EventDate "2013.10.18"]

1. d4 Nf6 2. c4 e6 3. Nc3 Bb4 4. e3 O-O 5. Ne2 b6 6. a3 Be7 7. Ng3 Bb7 8. f3 c5
9. d5 exd5 10. cxd5 Re8 11. Bd3 d6 12. O-O Nbd7 13. e4 Ne5 14. Be2 a6 15. a4 Bf8
16. Bg5 h6 17. Be3 Rc8 18. b3 g6 19. Qd2 Kh7 20. h3 Bg7 21. f4 Ned7 22. h4 h5
23. f5 Nxd5 24. Nxd5 Qxh4 25. fxg6+ fxg6 26. Rf7 Bxd5 27. Qxd5 Ne5 28. Nf5 gxf5
29. Rxf5 Bh6 30. Bxh6 Rg8 31. Rxh5 1-0

[Event "17th Unive Open 2013"]
[Site "Hoogeveen NED"]
[Date "2013.10.19"]
[Round "2.33"]
[White "Bakels, Anton"]
[Black "Van Foreest, Lucas"]
[Result "0-1"]
[WhiteElo "2043"]
[BlackElo "2122"]
[WhiteFideId "1046187"]
[BlackFideId "1039792"]
[EventDate "2013.10.18"]

1. e4 e5 2. Nf3 Nc6 3. Bb5 a6 4. Ba4 Nf6 5. O-O Be7 6. Re1 b5 7. Bb3 d6 8. c3
Na5 9. Bc2 c5 10. d4 Qc7 11. Nbd2 O-O 12. Nf1 Bd7 13. b3 Rfc8 14. Ne3 g6 15. Bb2
Nc6 16. dxe5 dxe5 17. Nd5 Qd8 18. c4 Bg4 19. Bd3 Rab8 20. h3 Bxf3 21. Qxf3 Nd4
22. Qd1 Nxd5 23. exd5 Bd6 24. Bf1 f5 25. Kh1 Qh4 26. g3 Qh6 27. Bxd4 cxd4 28.
Qc1 Qg7 29. a4 b4 30. Qd2 e4 31. Ra2 d3 32. Bg2 Be5 33. Rd1 a5 34. f3 Bc3 35.
Qf4 Rf8 36. fxe4 Rbe8 37. Qe3 fxe4 38. d6 Bd4 39. Qe1 Qd7 40. Kh2 Bc3 41. Qe3
Qxd6 42. Bxe4 Qc5 43. Bd5+ Qxd5 44. Qxe8 Rxe8 45. cxd5 Re2+ 0-1

[Event "17th Unive Open 2013"]
[Site "Hoogeveen NED"]
[Date "2013.10.19"]
[Round "2.34"]
[White "Vereggen, Lars"]
[Black "Gieben, Stijn"]
[Result "1/2-1/2"]
[WhiteElo "2121"]
[BlackElo "2022"]
[WhiteFideId "1029258"]
[BlackFideId "1034170"]
[EventDate "2013.10.18"]

1. d4 d5 2. c4 c6 3. Nf3 Nf6 4. Nc3 e6 5. Bg5 h6 6. Bxf6 Qxf6 7. e3 Nd7 8. Bd3
dxc4 9. Bxc4 g6 10. O-O Bg7 11. e4 e5 12. d5 O-O 13. dxc6 bxc6 14. Qe2 Nb6 15.
Bb3 Bg4 16. Rac1 Rfd8 17. Rc2 Rd4 18. Nxd4 Bxe2 19. Ndxe2 Bf8 20. Rfc1 Rc8 21.
Na4 Kg7 22. Nec3 Qf4 23. g3 Qf3 24. Re1 Rd8 25. Re3 Qf6 26. Kg2 Rd4 27. Nxb6
axb6 28. Ne2 Rd7 29. Rf3 Qd6 30. Rfc3 Qb4 31. Rc4 Qe1 32. Nc3 Rd2 33. Rxd2 Qxd2
34. Rxc6 Bc5 35. Nd1 Qd4 36. Rc7 Qxe4+ 37. Kf1 Qh1+ 38. Ke2 Qxh2 39. Rxf7+ Kh8
40. Nc3 Qh5+ 41. Kd3 g5 42. Ne4 Qg6 43. g4 h5 44. gxh5 Qxh5 45. Nf6 Qg6+ 46. Ke2
Be7 1/2-1/2

[Event "17th Unive Open 2013"]
[Site "Hoogeveen NED"]
[Date "2013.10.19"]
[Round "2.35"]
[White "Ritsema, Ronald"]
[Black "Sadallah, Osama"]
[Result "1/2-1/2"]
[WhiteElo "2012"]
[BlackElo "2114"]
[WhiteFideId "1010409"]
[BlackFideId "1002350"]
[EventDate "2013.10.18"]

1. c4 Nf6 2. d4 c6 3. Nf3 d5 4. Nc3 dxc4 5. a4 Bf5 6. e3 e6 7. Bxc4 Bd6 8. h3
Nbd7 9. Nh4 Be4 10. O-O O-O 11. Qb3 Qe7 12. f3 Bd5 13. f4 Nb6 14. Bxd5 exd5 15.
Nf5 Qd7 16. Qc2 Rfe8 17. a5 Nc8 18. g4 Bb4 19. g5 Ne4 20. Nxe4 dxe4 21. Ng3 Qxh3
22. Nxe4 Ne7 23. Ra4 Nd5 24. Rf2 Qg4+ 25. Rg2 Qf3 26. Nf2 Be1 27. Ng4 Qe4 28.
Qxe4 Rxe4 29. Kf1 Bb4 30. Rg3 Rae8 31. Nf2 R4e7 32. e4 Bd6 33. e5 Bc7 34. Bd2
Rd7 35. Ne4 Ne7 36. Nc5 Rd5 37. Nxb7 Nf5 38. Rd3 Rb8 39. a6 Bb6 40. Bc3 h6 41.
gxh6 gxh6 42. Ke2 Kh7 43. Rc4 1/2-1/2

[Event "17th Unive Open 2013"]
[Site "Hoogeveen NED"]
[Date "2013.10.19"]
[Round "2.36"]
[White "Potze, Rudolf"]
[Black "De Jonge, Boris"]
[Result "0-1"]
[WhiteElo "2112"]
[BlackElo "2002"]
[WhiteFideId "1008501"]
[BlackFideId "1024850"]
[EventDate "2013.10.18"]

1. e4 e5 2. Nf3 Nc6 3. Bb5 a6 4. Ba4 Nf6 5. O-O Be7 6. Re1 b5 7. Bb3 d6 8. c3
O-O 9. h3 Na5 10. Bc2 c5 11. d3 Nc6 12. a4 b4 13. Nbd2 h6 14. Nf1 Re8 15. Ng3
Bf8 16. d4 bxc3 17. bxc3 cxd4 18. cxd4 exd4 19. Nxd4 Nxd4 20. Qxd4 Be6 21. a5 d5
22. e5 Nd7 23. Be3 g6 24. f4 Qh4 25. Kh2 Rec8 26. Qd2 Bb4 27. Qxb4 Rxc2 28. Re2
Nxe5 29. Rxc2 Ng4+ 30. Kh1 Nxe3 31. Re2 Qxg3 32. Ra3 d4 33. Qxd4 Rb8 34. Qa1 Bd5
35. Kg1 Bxg2 36. Qe1 Rb1 0-1

[Event "17th Unive Open 2013"]
[Site "Hoogeveen NED"]
[Date "2013.10.19"]
[Round "2.38"]
[White "Klomp, Robert"]
[Black "Bos, Robin"]
[Result "1-0"]
[WhiteElo "2105"]
[BlackElo "1908"]
[WhiteFideId "1012584"]
[BlackFideId "1036548"]
[EventDate "2013.10.18"]

1. c4 e5 2. g3 Nf6 3. Bg2 d5 4. cxd5 Nxd5 5. Nc3 Nb6 6. Nf3 Nc6 7. O-O Be7 8. a3
Be6 9. d3 Qd7 10. b4 a6 11. Be3 f5 12. Bc5 Bf6 13. Rc1 Nd5 14. Nxd5 Bxd5 15. e4
fxe4 16. dxe4 Be6 17. Qe2 Bg4 18. Rfd1 Nd4 19. Bxd4 exd4 20. e5 Bg5 21. Rc4 Rd8
22. Qe4 d3 23. Qxg4 1-0

[Event "17th Unive Open 2013"]
[Site "Hoogeveen NED"]
[Date "2013.10.20"]
[Round "3.1"]
[White "Rodshtein, Maxim"]
[Black "Donchenko, Alexander"]
[Result "1-0"]
[WhiteTitle "GM"]
[BlackTitle "IM"]
[WhiteElo "2664"]
[BlackElo "2479"]
[WhiteFideId "2806851"]
[BlackFideId "24603295"]
[EventDate "2013.10.18"]

1. e4 c6 2. d4 d5 3. e5 Bf5 4. Nf3 e6 5. Be2 Ne7 6. O-O h6 7. Nbd2 Nd7 8. Nb3
Nc8 9. a4 Be7 10. a5 a6 11. Be3 Na7 12. c3 O-O 13. Ne1 c5 14. g4 cxd4 15. cxd4
Bh7 16. f4 f5 17. Ng2 Kh8 18. Bd3 Qe8 19. h3 Nc6 20. Bb1 Rc8 21. Bd2 g6 22. Kh2
Rg8 23. Bc3 Qf7 24. Qd2 Rcf8 25. Bd3 Qe8 26. Qe2 g5 27. gxf5 Bxf5 28. Bxf5 Rxf5
29. fxg5 Rxf1 30. Rxf1 Bxg5 31. Nc1 Bxc1 32. Rxc1 Qg6 33. Qf3 Rf8 34. Nf4 Qg5
35. Rf1 Rf5 36. Bd2 Nf8 37. Rg1 Qe7 38. Qe3 Rg5 39. Rf1 Qf7 40. Ng6+ Qxg6 41.
Rxf8+ Kg7 42. Rf6 Qh5 43. Qf2 1-0

[Event "17th Unive Open 2013"]
[Site "Hoogeveen NED"]
[Date "2013.10.20"]
[Round "3.2"]
[White "Goudriaan, Etienne"]
[Black "L'Ami, Erwin"]
[Result "0-1"]
[WhiteTitle "FM"]
[BlackTitle "GM"]
[WhiteElo "2410"]
[BlackElo "2645"]
[WhiteFideId "1021150"]
[BlackFideId "1007998"]
[EventDate "2013.10.18"]

1. d4 Nf6 2. c4 e6 3. Nf3 b6 4. Nc3 Bb4 5. Qc2 Bb7 6. a3 Bxc3+ 7. Qxc3 O-O 8.
Bg5 d6 9. Nd2 c5 10. dxc5 bxc5 11. Bxf6 Qxf6 12. Qxf6 gxf6 13. O-O-O Rd8 14. e3
Kf8 15. Rg1 f5 16. g4 fxg4 17. Rxg4 Nd7 18. Rg3 Ke7 19. Bd3 Nf6 20. Rdg1 h6 21.
f4 Bc6 22. Rg7 Rab8 23. Bc2 Rb6 24. b3 Rdb8 25. e4 a5 26. Re1 a4 27. bxa4 Ra6
28. e5 dxe5 29. fxe5 Nd7 30. Re3 Nxe5 31. Rh7 Ng4 32. Rg3 Nf6 33. Rxh6 Bxa4 34.
Bxa4 Rxa4 35. Rhh3 Rd8 36. Rd3 Rd4 37. Kc2 e5 38. Rde3 Ng4 39. Re2 f5 40. Kb3
Ra8 41. Rg3 Kd6 42. Ne4+ fxe4 43. Rxg4 Rb8+ 44. Kc3 Ke6 45. Rgxe4 Rxe4 46. Rxe4
Rh8 47. Re2 Rh3+ 48. Kb2 Kf5 49. a4 e4 50. a5 Kf4 51. Rf2+ Ke3 52. Rf8 Rxh2+ 53.
Kb3 Rh1 54. a6 Ra1 55. Ra8 Ke2 56. Re8 e3 57. Re6 Kd2 58. Kb2 Ra5 59. Rd6+ Ke1
60. Kc2 e2 61. Re6 Ra3 62. Rf6 Ra2+ 63. Kb1 Kd1 64. Kxa2 e1=Q 65. a7 Kc2 66.
Rf2+ Qxf2 67. a8=Q Kc3+ 68. Ka1 Qb2# 0-1

[Event "17th Unive Open 2013"]
[Site "Hoogeveen NED"]
[Date "2013.10.20"]
[Round "3.4"]
[White "Schroeder, Jan-Christian"]
[Black "Moskalenko, Viktor1"]
[Result "0-1"]
[WhiteTitle "FM"]
[BlackTitle "GM"]
[WhiteElo "2370"]
[BlackElo "2520"]
[WhiteFideId "24662259"]
[BlackFideId "14100100"]
[EventDate "2013.10.18"]

1. e4 e6 2. d4 d5 3. Nd2 c5 4. c3 Nc6 5. Ngf3 Nf6 6. Bd3 cxd4 7. cxd4 Nb4 8. Bb1
dxe4 9. Nxe4 Nbd5 10. O-O Be7 11. Ne5 O-O 12. Re1 Nd7 13. a3 f5 14. Nxd7 Bxd7
15. Nc5 Bxc5 16. dxc5 Qf6 17. Ba2 Bc6 18. Qe2 Rae8 19. Qe5 f4 20. Qxf6 gxf6 21.
b4 Kf7 22. f3 Rg8 23. Kf2 Rg5 24. Bxd5 Rxd5 25. Bxf4 e5 26. Be3 Ba4 27. Rac1 Rd3
28. c6 Bxc6 29. Bxa7 Ra8 30. b5 Bxf3 31. Re3 Rxe3 32. Bxe3 Be4 33. Rc4 f5 34.
Bc1 Ke6 35. Bb2 Rd8 36. Bc3 h5 37. Rc5 Bd5 38. g3 h4 39. Rc7 hxg3+ 40. hxg3 Rh8
41. a4 Rh2+ 42. Ke3 Rh3 43. Kf2 f4 44. gxf4 exf4 45. a5 Rh2+ 46. Ke1 Ra2 47. Rh7
Bg2 48. a6 bxa6 49. bxa6 f3 50. Bd4 Re2+ 51. Kd1 f2 52. Bxf2 Rxf2 53. Rc7 Ra2
54. Rc2 Bf3+ 55. Kd2 Rxa6 56. Ke3 Ra3+ 57. Kd4 Bd5 58. Re2+ Kd6 59. Re8 Ra4+ 60.
Ke3 Be6 61. Rd8+ Ke5 62. Rd3 Bd5 63. Kd2 Be4 64. Rd8 Ra3 65. Rd7 Bd5 66. Ke2 Kd4
67. Kf2 Rf3+ 68. Ke2 Rg3 69. Rd6 Rg2+ 70. Kf1 Rd2 71. Kg1 Ke3 72. Ra6 Bf3 73.
Ra3+ Kf4 74. Ra7 Kg3 75. Rg7+ Bg4 76. Rf7 Rd8 77. Rf2 Rd1+ 78. Rf1 Rd2 79. Rf8
Re2 80. Rf7 Ra2 81. Rf8 Bf3 82. Rg8+ Kf4 83. Rf8+ Ke3 84. Re8+ Be4 85. Rf8 Ra7
86. Rf6 Rh7 0-1

[Event "17th Unive Open 2013"]
[Site "Hoogeveen NED"]
[Date "2013.10.20"]
[Round "3.5"]
[White "Levin, Felix"]
[Black "Pel, Bonno"]
[Result "1-0"]
[WhiteTitle "GM"]
[BlackTitle "FM"]
[WhiteElo "2480"]
[BlackElo "2291"]
[WhiteFideId "4650905"]
[BlackFideId "1004760"]
[EventDate "2013.10.18"]

1. d4 d6 2. e4 g6 3. Be3 Bg7 4. Qd2 e5 5. Ne2 Nc6 6. Nbc3 Nf6 7. f3 O-O 8. O-O-O
a6 9. d5 Na5 10. b3 b5 11. h4 h5 12. Bg5 Qe8 13. g4 hxg4 14. Bxf6 Bxf6 15. fxg4
Bxg4 16. Bh3 Bxh3 17. Rxh3 b4 18. Nb1 c5 19. h5 g5 20. Ng3 Bd8 21. Nf5 Qd7 22.
Qe2 c4 23. Nd2 cxb3 24. cxb3 Kh7 25. Kb1 Bb6 26. Nf3 f6 27. Qd2 Nb7 28. Rg3 Nc5
29. Nxg5+ fxg5 30. Qxg5 Rxf5 31. Qg6+ Kh8 32. exf5 Ne4 33. Rg4 Nc3+ 34. Ka1 Be3
35. Qf6+ Kh7 36. Rdg1 Nxd5 37. Rg7+ Kh8 38. Rg8+ Kh7 39. Qh8# 1-0

[Event "17th Unive Open 2013"]
[Site "Hoogeveen NED"]
[Date "2013.10.20"]
[Round "3.6"]
[White "Ernst, Sipke"]
[Black "Lorscheid, Gerhard"]
[Result "1/2-1/2"]
[WhiteTitle "GM"]
[BlackTitle "FM"]
[WhiteElo "2573"]
[BlackElo "2218"]
[WhiteFideId "1004689"]
[BlackFideId "4606000"]
[EventDate "2013.10.18"]

1. Nf3 d6 2. d4 Nf6 3. c4 g6 4. Nc3 Bg7 5. g3 O-O 6. Bg2 c6 7. O-O Qa5 8. h3 Qa6
9. Nd2 d5 10. b3 Rd8 11. e3 Be6 12. Qc2 Nbd7 13. a4 Bf5 14. Qb2 e5 15. b4 exd4
16. exd4 dxc4 17. b5 cxb5 18. axb5 Qb6 19. Nxc4 Qxd4 20. Na5 Ne4 21. Nxe4 Qxe4
22. Qa2 Qe6 23. Qxe6 Bxe6 24. Ra3 Nc5 25. Be3 Bd4 26. Bxb7 Nxb7 27. Nxb7 Rd7 28.
Bxd4 Rxd4 29. Rb1 Bf5 30. Rba1 Be4 31. Nc5 Rb8 32. Rb3 Bc2 33. Rb2 Rd1+ 34. Rxd1
Bxd1 35. Kg2 Rc8 36. Ne4 Bc2 37. Nd6 Rc7 38. Kf3 Kf8 39. Rb4 Rd7 40. Rd4 Bb3 41.
Ke3 h5 42. h4 Rc7 43. Ne4 Ke7 44. Kd2 Be6 45. Ra4 Bd7 46. Nc3 Be6 47. Ra6 Bc4
48. Ke3 Rb7 49. Ra5 Rd7 50. Ke4 Bd3+ 51. Kf4 Kf6 52. Ra6+ Kg7 53. Ke5 Rb7 54.
Ra5 a6 55. bxa6 Ra7 56. Nd5 Rxa6 57. Rxa6 Bxa6 58. Kd6 Kf8 59. f4 Bc4 60. Nc7
Bb3 61. f5 Kg7 62. Ne8+ Kf8 63. Nf6 Kg7 64. Ke7 Kh6 65. Nd7 Kg7 66. f6+ Kg8 67.
Ne5 Bd5 68. Ke8 Bb3 69. Ke7 Bd5 70. g4 hxg4 71. Nxg4 Kh7 72. Kf8 Bb3 73. Ke8 Ba2
74. Kf8 Bb3 75. Ne5 Kh6 76. Nxf7+ Kh5 77. Kg7 Kxh4 78. Kxg6 Kg4 79. Ne5+ Kf4 80.
Nd3+ Kg4 81. Nc5 Ba2 82. Nd7 Kf4 83. Nb8 Bc4 84. Nc6 Ba2 85. Kh6 Kf5 86. Kg7 Bc4
87. Nb8 Ba2 88. Nd7 Be6 89. Nf8 Bb3 90. Ng6 Ba2 91. Ne7+ Kg5 92. Nc6 Kf5 93.
Nd4+ Ke5 94. Ne2 Kf5 95. Nc3 Bb3 96. Nb5 Kg5 97. Nd6 Ba2 98. Ne8 Kf5 99. Nd6+
Kg5 100. Nb7 Kf5 101. Nc5 Bc4 102. Nd7 Be6 103. Nf8 Bb3 104. Nh7 Ba2 105. Nf8
Bb3 106. Nd7 1/2-1/2

[Event "17th Unive Open 2013"]
[Site "Hoogeveen NED"]
[Date "2013.10.20"]
[Round "3.7"]
[White "Haslinger, Stewart G"]
[Black "Wunnink, Michael"]
[Result "1-0"]
[WhiteTitle "GM"]
[WhiteElo "2543"]
[BlackElo "2244"]
[WhiteFideId "405248"]
[BlackFideId "1005448"]
[EventDate "2013.10.18"]

1. e4 e5 2. Nf3 Nc6 3. d4 exd4 4. Nxd4 Bb4+ 5. c3 Bc5 6. Nxc6 bxc6 7. Bd3 Qh4 8.
Qe2 Nf6 9. h3 O-O 10. g3 Qh5 11. g4 Qe5 12. g5 Ne8 13. f4 Qe7 14. Be3 Bxe3 15.
Qxe3 Rb8 16. b4 d5 17. Nd2 f6 18. O-O-O a5 19. a3 axb4 20. axb4 fxg5 21. fxg5
Qe5 22. Bc2 Nd6 23. Rde1 Nb5 24. exd5 Qxe3 25. Rxe3 cxd5 26. Bb3 c6 27. Nf3 Ra8
28. Kb2 Nd6 29. Nd4 Ba6 30. Nxc6 Rf2+ 31. Kb1 Bc4 32. Bd1 Ne4 33. Na5 Ba2+ 34.
Ka1 Nxg5 35. Re2 Rxe2 36. Bxe2 Bc4 37. Bxc4 dxc4 38. Kb2 Rc8 39. h4 Nf3 40. Rh3
Ne5 41. Re3 Nd3+ 42. Kc2 Kf7 43. Re4 Kf6 44. Nxc4 Ne1+ 45. Rxe1 Rxc4 46. b5 Rc7
47. Kd3 Kf5 48. c4 Kg4 49. b6 Rd7+ 50. Kc3 Kxh4 51. Rh1+ 1-0

[Event "17th Unive Open 2013"]
[Site "Hoogeveen NED"]
[Date "2013.10.20"]
[Round "3.8"]
[White "Piasetski, Leon"]
[Black "Wagner, Dennis"]
[Result "0-1"]
[WhiteTitle "IM"]
[BlackTitle "IM"]
[WhiteElo "2295"]
[BlackElo "2481"]
[WhiteFideId "2600072"]
[BlackFideId "24650684"]
[EventDate "2013.10.18"]

1. c4 g6 2. e4 e5 3. d4 Nf6 4. Nf3 exd4 5. e5 Ne4 6. Qxd4 Bb4+ 7. Nbd2 Nxd2 8.
Bxd2 Nc6 9. Qf4 Bxd2+ 10. Qxd2 Qe7 11. O-O-O b6 12. Bd3 Bb7 13. Rhe1 O-O-O 14.
Kb1 f6 15. Qf4 fxe5 16. Nxe5 Rhf8 17. Qg3 Qc5 18. f3 Kb8 19. Nxc6+ Bxc6 20. Re5
d5 21. cxd5 Bxd5 22. Qe1 Qc6 23. a3 Rfe8 24. Rxe8 Rxe8 25. Qd2 Rd8 26. Qc2 Qd6
27. h3 Be6 28. Kc1 Qf4+ 29. Qd2 Qg3 30. Qe2 Qg5+ 31. Rd2 Bb3 32. Bc2 Bc4 33. Qe1
Bf1 34. g3 Bxh3 35. f4 Qf6 36. Qe5 Qf8 37. Rh2 Re8 38. Qc3 Bf5 39. Rxh7 Qd6 40.
Rh8 Rxh8 41. Qxh8+ Kb7 42. Qc3 Qd5 43. Bxf5 gxf5 44. Qe3 a5 45. Kb1 b5 46. Qc3
Qe4+ 47. Ka2 Qc4+ 48. Qxc4 bxc4 49. Kb1 Kc6 50. Kc2 Kd5 51. Kd2 Ke4 52. Ke2 a4
53. Kf2 c6 54. Ke2 Kd4 55. Kd2 Ke4 56. Ke2 c5 57. Kf2 Kd3 58. g4 Kc2 59. gxf5
Kxb2 60. f6 c3 61. f7 c2 62. f8=Q c1=Q 63. f5 c4 64. f6 Qf4+ 65. Ke2 c3 66. f7
Qe4+ 67. Kf2 Qd4+ 68. Kg3 c2 69. Qb8+ Ka2 70. f8=Q c1=Q 71. Qf2+ Qxf2+ 72. Kxf2
Qb2+ 0-1

[Event "17th Unive Open 2013"]
[Site "Hoogeveen NED"]
[Date "2013.10.20"]
[Round "3.9"]
[White "Tania, Sachdev"]
[Black "Hulshof, Peter"]
[Result "1-0"]
[WhiteTitle "IM"]
[WhiteElo "2438"]
[BlackElo "2206"]
[WhiteFideId "5007844"]
[BlackFideId "1003291"]
[EventDate "2013.10.18"]

1. d4 g6 2. c4 Bg7 3. e4 d6 4. Nc3 c6 5. Be2 a6 6. Nf3 b5 7. O-O Bg4 8. Be3 bxc4
9. Bxc4 e6 10. d5 cxd5 11. exd5 e5 12. Qa4+ Qd7 13. Bb5 1-0

[Event "17th Unive Open 2013"]
[Site "Hoogeveen NED"]
[Date "2013.10.20"]
[Round "3.10"]
[White "Van Kooten, Luuk"]
[Black "Baskin, Robert"]
[Result "1-0"]
[WhiteTitle "FM"]
[WhiteElo "2375"]
[BlackElo "2179"]
[WhiteFideId "1006533"]
[BlackFideId "24662402"]
[EventDate "2013.10.18"]

1. d4 Nf6 2. c4 g6 3. Nc3 Bg7 4. e4 d6 5. Bd3 O-O 6. Nge2 Nc6 7. O-O Nd7 8. Bc2
e5 9. d5 Nd4 10. Be3 Nxc2 11. Qxc2 f5 12. exf5 gxf5 13. f4 e4 14. b4 Nf6 15. h3
a5 16. a3 Bd7 17. Bd4 Qe7 18. Qd2 b6 19. Qe3 Qf7 20. Rfd1 axb4 21. axb4 Rxa1 22.
Rxa1 b5 23. Ra7 bxc4 24. Rxc7 Rc8 25. Ra7 Rd8 26. b5 Nxd5 27. Nxd5 Qxd5 28. Qg3
Qf7 29. Qg5 Rf8 30. Bxg7 Qxg7 31. Qxg7+ 1-0